La Revalorización del quehacer político /

Zapisane w:
Opis bibliograficzny
organizacja autorów: Costa Rica. Asamblea Legislativa, comp
Format: Nieznany
Wydane: San José: Asamblea Legislativa
Hasła przedmiotowe:
Etykiety: Dodaj etykietę
Nie ma etykietki, Dołącz pierwszą etykiete!

MARC

LEADER 00000 a2200000 04500
001 10476
003
008 991231s d
040
090 |a 136504  
110 |a Costa Rica. Asamblea Legislativa  
245 |a La Revalorización del quehacer político /  |c Costa Rica. Asamblea Legislativa  
260 |a San José:   |b Asamblea Legislativa  
300 |a 260 p  
650 |a ETICA  
650 |a POLITICA  
650 |a CONTROL SOCIAL  
650 |a PARTIDOS POLITICOS  
650 |a DEMOCRACIA  
650 |a GOBIERNO  
650 |a ESTADO  
650 |a NORMAS SOCIALES  
650 |a POLITICOS  
650 |a PARTICIPACION POLITICA  
710 |a comp  
999 |c 13953  |d 13953